000 00810nam a2200193Ia 4500
003 GCL
008 140319s9999 xx 000 0 ara d
040 _aGCL /
_cGCL
082 0 4 _a214
_bق ج
100 1 _aابن قيم الجوزية: شمس الدين ابو عبدالله محمد بن ابى بكر
245 1 0 _aالجواب الكافى لمن سأل عن الدواء الشافى /
_cابن قيم الجوزية: شمس الدين ابو عبدالله محمد بن ابى بكر
260 _aالقاهرة :
_bالمكتبة القيمة للطباعة والنشر والتوزيع ،
_c1900
300 _a271 ص ؛
_c24 سم
490 _a
650 0 4 _aالاسلام
650 0 4 _aالثقافة الاسلامية
650 0 4 _aالشريعة الاسلامية
942 _2ddc
_cBK
999 _c58598
_d58598